000 01272nam a2200349 c 4500
003 BLK
005 20250625144515.0
008 180409b bul|||||r ||||||| ||bul||
010 _aKNG00136569000
020 _a978-954-491-720-3
_bиздат.: Жанет 45 - (меки кор.)
020 _a978-954-491-898-8
_bиздат.: Жанет 45 - (твърди кор.)
040 _aBLK
041 _aBUL
_cBUL
072 7 _2bullib
_aН84
_xБългарска художествена литература Н
080 _aБългарска литература
_b821.163.2
_x-31
_z821.163.2-31
100 1 _aРусков, Милен Костов
_eпърви автор
_9372388
139 _aРусков, Милен Костов
_bР 95
245 1 0 _aВъзвишение
_bРоман
_cМилен Костов Русков.
257 _aBGR
260 Пловдив
_bЖанет 45
_c2011
300 _a408 с.
_c20 см
380 _aX
500 _aОфс. изд.
653 _aромани
659 _aН
852 _aЦб 257186
856 4 _qpdf
_u
856 4 _qpdf
_u
942 _cKNG
_n0
_078
944 _aCR
_c18.10.2012
_lВиолета Тройчева
_k30552
944 _aED
_c10.02.2018
_lф /
_kВиолета_Тройчева
999 _c130779
_d130779